Modificación parcial del plan regulador plan seccional, borde y litoral costero, comuna de Concón, V región
Sparad:
| Institutionell upphovsman: | |
|---|---|
| Materialtyp: | Bok |
| Språk: | spanska |
| Publicerad: |
Santiago
Andalué Ambiental Ltda
2004
|
| Ämnen: | |
| Taggar: |
Lägg till en tagg
Inga taggar, Lägg till första taggen!
|
MARC
| LEADER | 00000nam a2200000 a 4500 | ||
|---|---|---|---|
| 001 | UCK9979 | ||
| 003 | CL-VaPUC | ||
| 008 | 060623e20040300CL |||||||||||||||||spa|d | ||
| 082 | 0 | 4 | |a 363.731 |b AND |2 21 |
| 110 | 2 | |a Andalué Ambiental Ltda |e author |9 499960 | |
| 245 | 1 | 0 | |a Modificación parcial del plan regulador plan seccional, borde y litoral costero, comuna de Concón, V región |
| 300 | |a Pág. irreg | ||
| 942 | |c BK | ||
| 945 | |d 20060623 00:00:00 |a cmena | ||
| 260 | |a Santiago |b Andalué Ambiental Ltda |c 2004 | ||
| 500 | |a Incluye anexos y planos | ||
| 600 | 0 | 7 | |a ILUSTRE MUNICIPALIDAD DE CONCON |2 CL-VaPUC |9 499961 |
| 650 | 0 | |a Impacto ambiental |9 262796 | |
| 650 | 0 | |a Planificación urbana |9 258176 | |
| 650 | 0 | |a Borde costero |9 463353 | |
| 650 | 0 | |a Contaminación ambiental |9 314181 | |
| 650 | 0 | |a Protección del medio ambiente |9 257626 | |
| 583 | |a last modification |c 20060623 00:00:00 |k Rodrigo Vera | ||
| 999 | |c 316977 |d 316975 | ||
| 952 | |0 0 |1 0 |4 0 |6 363_731000000000000_AND_2004 |7 0 |8 P |9 392620 |a BIBING |b BIBING |d 2019-11-22 |i 4238109 |o 363.731 AND 2004 |p 4238109 |r 2025-01-20 |w 2019-11-22 |y BK |k CCL | ||